Countryside Online (Record no. 119645)

MARC details
000 -LEADER
fixed length control field 00759cam a2200193 4500
001 - CONTROL NUMBER
control field WS108242
008 - FIXED-LENGTH DATA ELEMENTS--GENERAL INFORMATION
fixed length control field 000000n 000 0 eng u
035 ## - SYSTEM CONTROL NUMBER
System control number (Sirsi) u108242
110 ## - MAIN ENTRY--CORPORATE NAME
Corporate name or jurisdiction name as entry element National Farmers' Union
9 (RLIN) 456
245 ## - TITLE STATEMENT
Title Countryside Online
520 ## - SUMMARY, ETC.
Summary, etc. Web site set up by the National Farmers Union 'for people who live in, work in and enjoy the countryside'. Includes rural news, a wildlife notebook, a farming calendar and classified advertisements. Also includes a discussion forum.
650 ## - SUBJECT ADDED ENTRY--TOPICAL TERM
Topical term or geographic name entry element RURAL ECONOMY
650 ## - SUBJECT ADDED ENTRY--TOPICAL TERM
Topical term or geographic name entry element WILDLIFE
650 ## - SUBJECT ADDED ENTRY--TOPICAL TERM
Topical term or geographic name entry element DISCUSSION LISTS
650 ## - SUBJECT ADDED ENTRY--TOPICAL TERM
Topical term or geographic name entry element NFU
690 ## - LOCAL SUBJECT ADDED ENTRY--TOPICAL TERM (OCLC, RLIN)
Topical term or geographic name as entry element Rural
9 (RLIN) 6268
856 40 - ELECTRONIC LOCATION AND ACCESS
Uniform Resource Identifier <a href="https://www.nfucountryside.org.uk/">https://www.nfucountryside.org.uk/</a>
Public note View the website free of charge at www.nfucountryside.org.uk/...
942 ## - ADDED ENTRY ELEMENTS (KOHA)
Suppress in OPAC 0
Holdings
Withdrawn status Lost status Source of classification or shelving scheme Damaged status Not for loan Home library Current library Shelving location Date acquired Total Checkouts Full call number Barcode Date last seen Copy number Price effective from Koha item type
    Dewey Decimal Classification     Virtual Virtual Online 11/09/2000   WEB SITE 108242-2001 06/08/2019 1 06/08/2019 Online material